Departments of Haiti Quiz Stats

 Plays Quiz Updated Aug 14, 2016

Score 0/10 Timer 05:00
1 Play Today
% Correct
Nord (Nò)
93.8%
Sud (Sid)
92.8%
Sud-Est (Sidès)
84.3%
Nord-Est (Nòdès)
83.3%
Nord-Ouest (Nòwès)
82.9%
Ouest (Lwès)
82.7%
Centre (Sant)
82.1%
Nippes (Nip)
77.4%
Artibonite (Latibonit)
64.4%
Grand'Anse (Grandans)
58.2%

You're not logged in!

Compare scores with friends on all Sporcle quizzes.
OR
Log In

Show Comments

Extras

Top Quizzes Today


Score Distribution

Your Account Isn't Verified!

In order to create a playlist on Sporcle, you need to verify the email address you used during registration. Go to your Sporcle Settings to finish the process.

Report this User

Report this user for behavior that violates our Community Guidelines.

Details: